000 00367nam a2200145Ia 4500
008 230917s9999||||xx |||||||||||||| ||und||
040 _e35617
_aMAIN
041 _aEnglish
082 _a410 S74L
100 _aStork, E C
245 0 _aLearning about linguistics: An introductory coverbook
260 _aLondon
_bHutchinson
_c1977
300 _a186 p.
942 _cBK
999 _c156448
_d156448